Realizácia mechatronického systému “Gulička na kolese”

Na minha lista:
Detalhes bibliográficos
Autor principal: Ambróz, Jakub (Author)
Outros Autores: Žáková, Katarína (Thesis advisor)
Formato: Manuscrito Livro
Idioma:eslovaco
Publicado em: Bratislava : STU v Bratislave FEI, 2023
Assuntos:
Acesso em linha:https://opac.crzp.sk/?fn=detailBiblioFormChildAOS2B&sid=72C4190EA10FC8F71DD400D508EF&seo=CRZP-detail-kniha
Tags: Adicionar Tag
Sem tags, seja o primeiro a adicionar uma tag!

MARC

LEADER 00000ntm a22000003a 4500
001 stuzp91810
003 SK-STU
005 20241204151408.9
007 ta
008 150427s2015----xo-----f-mn---000-0-slo-d
040 |a STU  |b slo 
041 0 |a slo 
044 |a xo 
100 1 |a Ambróz, Jakub  |u 030400  |4 aut  |U FEI Fakulta elektrotechniky a informatiky  |T FEI Ústav automobilovej mechatroniky  |X 97965  |U E400  |Y 642  |7 97965 
242 0 1 |a Realisation of mechatronic system “Ball on Wheel”  |y eng 
245 1 0 |a Realizácia mechatronického systému “Gulička na kolese” 
260 |a Bratislava :  |b STU v Bratislave FEI,  |c 2023 
300 |a 63 s. 
650 4 |a Gulička na kolese  |2 slo 
650 4 |a Arduino  |2 slo 
650 4 |a riadenie  |2 slo 
650 4 |a Arduino  |2 eng 
650 4 |a control  |2 eng 
650 4 |a Ball on wheel  |2 eng 
700 1 |a Žáková, Katarína  |u 030400  |k Z1  |4 ths  |U FEI Fakulta elektrotechniky a informatiky  |T FEI Ústav automobilovej mechatroniky  |X 4948  |U E400  |Y 642  |7 A000004948 
856 4 |u https://opac.crzp.sk/?fn=detailBiblioFormChildAOS2B&sid=72C4190EA10FC8F71DD400D508EF&seo=CRZP-detail-kniha